00926nam a2200217Ia 4500003000900000008004100009020002200050040001600072080002200088111008600110245025200196260002900448300001700477490004700494650002700541650003600568650002600604650002700630700002800657700002300685IN-BaIIA211028s9999 xx 000 0 eng d a978-0-387-72767-7 cIIA Library a524.6(082.1)bMAP aSymposium on Mapping the Galaxy and Nearby GalaxiescJapand2006 June 26 -June 30 0aMapping the galaxy and nearby galaxiesbproceedings of a symposium on mapping the galaxy and nearby galaxies held in Ishigaki, Japan, 26 June - 30 June, 2006cedited by Keiichi Wada and Francoise Combes  aNew YorkbSpringerc2008 axviii, 392p. aAstrophysics and space science proceedings aEvolution - congresses aGalactic astronomy - congresses aGalaxies - congresses aMilky way - congresses aCombes, Francoise., ed. aWada, Keiichi, ed.